<?xml version="1.0" encoding="UTF-8"?><?xml-stylesheet type="text/xsl" href="static/style.xsl"?><OAI-PMH xmlns="http://www.openarchives.org/OAI/2.0/" xmlns:xsi="http://www.w3.org/2001/XMLSchema-instance" xsi:schemaLocation="http://www.openarchives.org/OAI/2.0/ http://www.openarchives.org/OAI/2.0/OAI-PMH.xsd"><responseDate>2026-06-03T19:23:32Z</responseDate><request verb="GetRecord" identifier="oai:riuma.uma.es:10630/30961" metadataPrefix="marc">https://riuma.uma.es/rest/oai/request</request><GetRecord><record><header><identifier>oai:riuma.uma.es:10630/30961</identifier><datestamp>2026-02-03T11:20:37Z</datestamp><setSpec>com_10630_2254</setSpec><setSpec>col_10630_37953</setSpec></header><metadata><record xmlns="http://www.loc.gov/MARC21/slim" xmlns:dcterms="http://purl.org/dc/terms/" xmlns:doc="http://www.lyncode.com/xoai" xmlns:xsi="http://www.w3.org/2001/XMLSchema-instance" xsi:schemaLocation="http://www.loc.gov/MARC21/slim http://www.loc.gov/standards/marcxml/schema/MARC21slim.xsd">
   <leader>00925njm 22002777a 4500</leader>
   <datafield ind2=" " ind1=" " tag="042">
      <subfield code="a">dc</subfield>
   </datafield>
   <datafield ind2=" " ind1=" " tag="720">
      <subfield code="a">Arrebola-Díez, Eva María</subfield>
      <subfield code="e">author</subfield>
   </datafield>
   <datafield ind2=" " ind1=" " tag="720">
      <subfield code="a">Cazorla-López, Francisco Manuel</subfield>
      <subfield code="e">author</subfield>
   </datafield>
   <datafield ind2=" " ind1=" " tag="260">
      <subfield code="c">2020-07-08</subfield>
   </datafield>
   <datafield ind2=" " ind1=" " tag="520">
      <subfield code="a">Pseudomonas chlororaphis PCL1606 (PcPCL1606) is a rhizobacterium isolated from&#xd;
avocado roots, which is a favorable niche for its development. This strain extensively&#xd;
interacts with plant roots and surrounding microbes and is considered a biocontrol&#xd;
rhizobacterium. Genome sequencing has shown the presence of thirty-one potential&#xd;
methyl-accepting chemotaxis proteins (MCPs). Among these MCPs, two candidates&#xd;
are putative functional aerotaxis receptors, encoded at locus PCL1606_41090 (aer1-&#xd;
1) and locus PLC1606_20530 (aer1-2), that are homologous to the Aer receptor of&#xd;
Pseudomonas aeruginosa strain PaO1. Single- and double-deletion mutants in one or&#xd;
both genes have led to motility deficiencies in oxygen-rich areas, particularly reduced&#xd;
swimming motility compared with that of wildtype PcPCL1606. No differences in&#xd;
swarming tests were detected, and less adhesion by the aer double mutant was&#xd;
observed. However, the single and double mutants on avocado plant roots showed&#xd;
delayed biocontrol ability. During the first days of the biocontrol experiment, the&#xd;
aer-defective mutants also showed delayed root colonization. The current research&#xd;
characterizes the presence of aer transductors on P. chlororaphis. Thus, the functions&#xd;
of the PCL1606_41090 and PCL1606_20530 loci, corresponding to genes aer1-1 and&#xd;
aer1-2, respectively, are elucidated.</subfield>
   </datafield>
   <datafield ind1="8" ind2=" " tag="024">
      <subfield code="a">Arrebola E and Cazorla FM (2020) Aer receptors influence the Pseudomonas chlororaphis PCL1606 lifestyle. Front. Microbiol. 11:1560</subfield>
   </datafield>
   <datafield ind1="8" ind2=" " tag="024">
      <subfield code="a">https://hdl.handle.net/10630/30961</subfield>
   </datafield>
   <datafield ind1="8" ind2=" " tag="024">
      <subfield code="a">10.3389/fmicb.2020.01560</subfield>
   </datafield>
   <datafield tag="653" ind2=" " ind1=" ">
      <subfield code="a">Rizobacterias</subfield>
   </datafield>
   <datafield tag="653" ind2=" " ind1=" ">
      <subfield code="a">Aguacates - Raíces</subfield>
   </datafield>
   <datafield ind2="0" ind1="0" tag="245">
      <subfield code="a">Aer receptors influence the Pseudomonas chlororaphis PCL1606 lifestyle.</subfield>
   </datafield>
</record>
</metadata></record></GetRecord></OAI-PMH>